000 01912cam a2200397Ii 4500
001 995054432
003 OCoLC
005 20180727215316.0
008 170726t20172017inua j 000 p spa d
020 _a9781480842410
_q(softback)
020 _a1480842419
_q(softback)
024 8 _a532921LV0041B/2089/P
040 _aYOL
_beng
_erda
_cYOL
_dYOL
041 0 _aeng
_aspa
043 _an-us---
092 _aSP J861.008 CHA
100 1 _aChavez, Jose,
_eauthor.
245 1 0 _aEstrellitas y nopales =
_bLittle stars and cactus : (a bilingual poetry book for children) /
_cJose Chavez ; illustrated by Aydee Lopez Martinez.
246 3 1 _aLittle stars and cactus.
260 _aBloomington, IN :
_bArchway Publishing,
_cc2017.
264 1 _aBloomington, IN :
_bArchway Publishing,
_c[2017]
264 4 _cc2017.
300 _a29 pages :
_bcolor illustrations ;
_c29 cm.
336 _atext
_btxt
_2rdacontent.
337 _aunmediated
_bn
_2rdamedia.
338 _avolume
_bnc
_2rdacarrier.
505 0 _aBuenas noches, estrellitas = Good night little stars -- Gorriones = Sparrows -- Nopalitos frescos = Fresh nopales -- Las estrellas de dia = Stars by day -- La cancion del mar = The song of the ocean -- Como comprar bananas = How to buy bananas -- Tacos al carbon = Tacos at carbon -- Naranjas = Oranges -- Una carta a Saturno = A letter to Saturn -- Cohete = Rocket -- Soy pintor = I'm a painter -- Amigo del cochinito = Friends with a pig -- Gata angaripola = Calico cat -- Guisado de chile verde = Chile verde stew.
546 _aEnglish and Spanish.
650 0 _aChildren's poetry, American
_y21st century.
650 7 _aPoesia infantil
_zEstados Unidos
_ySiglo XXI.
_2slem.
650 7 _aPoesia espanola
_zEstados Unidos
_ySiglo XXI.
_2slem.
650 0 _aSpanish language materials
_vJuvenile poetry.
655 7 _aPoetry.
_2lcgft.
700 1 _aLopez Martinez, Aydee,
_eillustrator.
942 _cBK
999 _c21103
_d21103